Normal view MARC view

Entry Personal Name

Number of records used in: 1

001 - CONTROL NUMBER

  • control field: 13892

003 - CONTROL NUMBER IDENTIFIER

  • control field: OSt

005 - DATE AND TIME OF LATEST TRANSACTION

  • control field: 20210217124741.0

008 - FIXED-LENGTH DATA ELEMENTS

  • fixed length control field: 210217|| aca||aabn | a|a d

040 ## - CATALOGING SOURCE

  • Original cataloging agency: OSt
  • Transcribing agency: OSt

100 ## - HEADING--PERSONAL NAME

  • Personal name: Editor Boon, Nicholas A.;Walker, Brian R.; Nicki, R. Colledge

670 ## - SOURCE DATA FOUND

  • Source citation: Work cat.: (OSt)323: Editor Boon, Nicholas A.;Walker, Brian R.; Nicki, R. Colledge, Davidson's Principles & Practic of Medicine, 2006.